| 000 | 00848nam a22002657a 4500 | ||
|---|---|---|---|
| 999 |
_c15940 _d15940 |
||
| 003 | AR-CdUCM | ||
| 008 | 190430b ||||| |||| 00| 0 spa d | ||
| 040 |
_aMUNICIPALIDAD PROVINCIAL DEL CUSCO _cBIBLIOTECA MUNICIPAL DEL CUSCO |
||
| 082 |
_aEP / 803 / _bC13 |
||
| 100 |
_aCabrera León, Maruja _935186 |
||
| 245 | _aAllqumantawan misimantawan hukuchamantawan / | ||
| 260 |
_aApurímac : _bKinko´s, _c2009. |
||
| 300 |
_a15 páginas ; _bilustraciones, _c21 cm. |
||
| 500 | _aTexto en Quechua. | ||
| 650 |
_aCuentos infantiles _93927 |
||
| 650 |
_aAprendizaje _92143 |
||
| 650 |
_aTextos infantiles _933764 |
||
| 700 |
_aGutiérrez Ayquipa, Janet _935187 |
||
| 700 |
_aTorres Velasque, Angélica _935188 |
||
| 710 |
_aUNICEF. _99438 |
||
| 710 |
_aOPS. _934851 |
||
| 710 |
_aUNFPA. _934852 |
||
| 942 |
_2ddc _cLIBROS |
||
| 945 |
_aachl _d2019-04-30 |
||